UBT Library

Sleisenger & Fordtran's gastrointestinal and liver disease : (Record no. 40154)

000 -LEADER
fixed length control field 01089cam a22003134a 4500
001 - CONTROL NUMBER
control field 12687737
005 - DATE AND TIME OF LATEST TRANSACTION
control field 20180111093153.0
008 - FIXED-LENGTH DATA ELEMENTS--GENERAL INFORMATION
fixed length control field 020227s2002 paua b 001 0 eng
010 ## - LIBRARY OF CONGRESS CONTROL NUMBER
LC control number 2002021046
020 ## - INTERNATIONAL STANDARD BOOK NUMBER
International Standard Book Number 9997619269 (v. 1)
020 ## - INTERNATIONAL STANDARD BOOK NUMBER
International Standard Book Number 9997619277 (v. 2)
020 ## - INTERNATIONAL STANDARD BOOK NUMBER
International Standard Book Number 0721689736 (set)
035 ## - SYSTEM CONTROL NUMBER
System control number (DNLM)101139247
040 ## - CATALOGING SOURCE
Original cataloging agency DNLM/DLC
Transcribing agency DLC
Modifying agency DLC
041 ## - LANGUAGE CODE
Language code of text/sound track or separate title eng
042 ## - AUTHENTICATION CODE
Authentication code pcc
060 10 - NATIONAL LIBRARY OF MEDICINE CALL NUMBER
Classification number 616.33
Item number S632 2002
080 ## - UNIVERSAL DECIMAL CLASSIFICATION NUMBER
Universal Decimal Classification number 616.33
082 00 - DEWEY DECIMAL CLASSIFICATION NUMBER
Classification number 616.33 FEL
Edition number 21
100 ## - Rafti
Rafti 10
101 ## - Shkurtesa
Shkurtesa GAS
245 00 - TITLE STATEMENT
Title Sleisenger & Fordtran's gastrointestinal and liver disease :
Statement of responsibility, etc [edited by] Mark Feldman, Lawrence S. Friedman, Marvin H. Sleisenger.
246 30 - VARYING FORM OF TITLE
Title proper/short title Gastrointestinal and liver disease
246 3# - VARYING FORM OF TITLE
Title proper/short title Sleisenger and Fordtran's gastrointestinal and liver disease
504 ## - BIBLIOGRAPHY, ETC. NOTE
Bibliography, etc Includes bibliographical references and index.
906 ## - LOCAL DATA ELEMENT F, LDF (RLIN)
a 7
b cbc
c orignew
d 1
e ecip
f 20
g y-gencatlg
942 ## - ADDED ENTRY ELEMENTS (KOHA)
Source of classification or shelving scheme
Item type Books
Holdings
Withdrawn status Lost status Source of classification or shelving scheme Damaged status Not for loan Collection code Permanent location Current location Shelving location Date acquired Total Checkouts Full call number Barcode Date last seen Price effective from Koha item type
          Koleksioni i përgjithshem UBT - Lipjan UBT - Lipjan Koleksioni i lëndeve mesimore 01/11/2018   616.33 FEL 002-2995303 01/11/2018 01/11/2018 Books
UBT Library © 2015-2024. All rights reserved University Education for Business and Technology